000
00353nam a2200181Ia 4500
100
_a
Lee/J.D
650
_a
Chemistry
250
_a
5
942
_c
BK
366
_f
20
654
_a
inorganic chemistry
245
_a
Concise Inorganic chemistry
260
_b
Wiley
_c
1996
082
_b
LEE
300
_a
1032
546
_a
ENGLISH
999
_c
33599
_d
33599